| 000 | 00531nam a2200181 a 4500 | ||
|---|---|---|---|
| 001 | 6543 | ||
| 003 | CO-ViMGA | ||
| 008 | 141112s2004 ck r 000 u spa d | ||
| 040 |
_aCO-ViMGA _bspa _cCO-ViMGA |
||
| 082 | 0 | 4 | _a658.3124 P145 |
| 100 | 1 |
_aPain, Abraham _95385 |
|
| 245 | 1 | 0 |
_aCómo realizar un proyecto de capacitación : _bun enfoque de la ingeniería de la capacitación |
| 260 |
_aBarcelona : _bGranica, _c1989 |
||
| 300 | _a205 p | ||
| 490 | _aManagement | ||
| 650 | 1 | 4 |
_aCAPACITACION DE RECURSOS _95386 |
| 942 |
_2ddc _cBK |
||
| 999 |
_c18513 _d18513 |
||